000 00496nam a22001937a 4500
003 MPLRDC
005 20220104144523.0
008 210129b ||||| |||| 00| 0 eng d
020 _a957-607-497-5
082 _a875.57 RIL
100 _aRAINER MARIA RIKE
245 _a关於上帝的故事
_c黄瑞华译
250 _a初版
260 _a台湾
_b究竟出版社股份有限公司
_c2000
300 _b158
490 _a宗教. 003
650 _a德国文学
942 _cBK
_o875.57 RIL
999 _c50421
_d50411